<?xml version="1.0" encoding="UTF-8"?>
<record
    xmlns:xsi="http://www.w3.org/2001/XMLSchema-instance"
    xsi:schemaLocation="http://www.loc.gov/MARC21/slim http://www.loc.gov/standards/marcxml/schema/MARC21slim.xsd"
    xmlns="http://www.loc.gov/MARC21/slim">

  <leader>01393    a2200217   4500</leader>
  <controlfield tag="001">247</controlfield>
  <controlfield tag="005">20260407155416.0</controlfield>
  <controlfield tag="008">260407a2005    arg                 spa d</controlfield>
  <controlfield tag="003">AR-UNSa-BCEJYS</controlfield>
  <datafield tag="040" ind1=" " ind2=" ">
    <subfield code="a">AR-UNSa-BCEJYS</subfield>
    <subfield code="b">spa</subfield>
    <subfield code="c">AR-UNSa-BCEJYS</subfield>
  </datafield>
  <datafield tag="080" ind1=" " ind2=" ">
    <subfield code="a">331.526.9</subfield>
    <subfield code="x">Autoempleo</subfield>
  </datafield>
  <datafield tag="245" ind1="1" ind2="0">
    <subfield code="a">Autoempleo</subfield>
    <subfield code="p">una salida frente al desempleo</subfield>
  </datafield>
  <datafield tag="250" ind1=" " ind2=" ">
    <subfield code="a">1a. ed</subfield>
  </datafield>
  <datafield tag="264" ind1=" " ind2="1">
    <subfield code="a">Buenos Aires :</subfield>
    <subfield code="b">Granica</subfield>
    <subfield code="c">2005</subfield>
  </datafield>
  <datafield tag="300" ind1=" " ind2=" ">
    <subfield code="a">89 p.</subfield>
    <subfield code="c">18 cm</subfield>
  </datafield>
  <datafield tag="505" ind1=" " ind2=" ">
    <subfield code="a">1. Autoempleo: una salida - 2. &#xBF;Qu&#xE9; es el autoempleo? - 3. Diferencia entre autoempleo y empresa - 4. C&#xF3;mo surge la idea de iniciar una actividad, negocio o microemprendimiento - 5. Caracter&#xED;sticas de personalidad para el autoempleo - 6. C&#xF3;mo elegir una actividad - 7. Fortalezas y debilidades - 8. Conocimientos actuales + lo que pueda aprender - 9. Destrezas o habilidades - 10. Competencias no t&#xE9;cnicas - 11. C&#xF3;mo relacionar las competencias t&#xE9;cnicas y las no t&#xE9;cnicas - 12. C&#xF3;mo generar una idea - 13. C&#xF3;mo relacionar intereses diversos - 14. Retiro anticipado y autoempleo - 15. Recomendaciones para iniciar una actividad - 16. 100 ideas para el autoempleo - 17. Unas Palabras sobre la autora
</subfield>
  </datafield>
  <datafield tag="942" ind1=" " ind2=" ">
    <subfield code="c">BK</subfield>
  </datafield>
  <datafield tag="590" ind1=" " ind2=" ">
    <subfield code="a">niveau_biblio:m niveau_hierar:0</subfield>
  </datafield>
  <datafield tag="100" ind1="1" ind2=" ">
    <subfield code="a">Alles, Martha Alicia</subfield>
  </datafield>
  <datafield tag="856" ind1="4" ind2="1">
    <subfield code="u">https://biblioeco.unsa.edu.ar/pmb/images/libros/Autoempleo  Alles, Martha Alicia (2005).jpg</subfield>
    <subfield code="y">Imagen de portada</subfield>
    <subfield code="q">image/jpeg</subfield>
  </datafield>
  <datafield tag="999" ind1=" " ind2=" ">
    <subfield code="c">162</subfield>
    <subfield code="d">162</subfield>
  </datafield>
  <datafield tag="952" ind1=" " ind2=" ">
    <subfield code="0">0</subfield>
    <subfield code="1">0</subfield>
    <subfield code="4">0</subfield>
    <subfield code="7">0</subfield>
    <subfield code="a">BCEJYS</subfield>
    <subfield code="b">BCEJYS</subfield>
    <subfield code="c">16</subfield>
    <subfield code="d">2026-04-07</subfield>
    <subfield code="l">0</subfield>
    <subfield code="o">331.526.9 A434</subfield>
    <subfield code="p">L117530</subfield>
    <subfield code="r">2026-04-07 15:54:16</subfield>
    <subfield code="w">2026-04-07</subfield>
    <subfield code="y">L</subfield>
  </datafield>
  <datafield tag="952" ind1=" " ind2=" ">
    <subfield code="0">0</subfield>
    <subfield code="1">0</subfield>
    <subfield code="4">0</subfield>
    <subfield code="7">0</subfield>
    <subfield code="a">BCEJYS</subfield>
    <subfield code="b">BCEJYS</subfield>
    <subfield code="c">16</subfield>
    <subfield code="d">2026-04-07</subfield>
    <subfield code="l">0</subfield>
    <subfield code="o">331.526.9 A434</subfield>
    <subfield code="p">L117531</subfield>
    <subfield code="r">2026-04-07 15:54:16</subfield>
    <subfield code="w">2026-04-07</subfield>
    <subfield code="y">L</subfield>
  </datafield>
</record>
